Movies Quiz

Random Movies or Actor Quiz
Score 0/15 Timer 06:00
0 Plays Today
Blurb One Film % Correct
''A globetrotting quest that might have been devised after a long night of Wikipedia surfing.'' (New York Times)National Treasure: Book of Secrets (2007)
63.6%
''This may, in fact, be the junkiest film in history to star three Academy Award winners.'' (Orlando Sentinel)Gone in 60 Seconds (2000)
60%
''Insultingly preposterous, culturally barren clump of exploitative, flag-sticker patriotism.'' (Premiere)National Treasure (2004)
54.2%
''For years scientists have theorized that one day Nicolas Cage would overact so badly that his head would burst into flames.'' (Arizona Daily Star)Ghost Rider (2007)
51.5%
''Ever wonder what the Harry Potter films would be like without an ounce of wit, grace or subtlety? Wonder no more.'' (Kansas City Star)The Sorcerer's Apprentice (2010)
49.9%
''I've discovered a set of letters predicting when a catastrophically bad film is about to occur.'' (Daily Mirror)Knowing (2009)
32.2%
''This film should be declared a health hazard.'' (San Diego Metropolitan)Windtalkers (2002)
23.9%
''They're 'the worst of the worst.' So's the movie.'' (Rolling Stone)Con Air (1997)
23.6%
Blurb One Film % Correct
''This is as stale as Tuesday's Pad Thai.'' (Orlando Sentinel)Bangkok Dangerous (2008)
19.5%
''It's got videogame-from-hell F/X, plus jousting, plus Cage in tangled long hair he seems to have mistakenly put in the washing machine.'' (Entertainment Weekly)Season of the Witch (2011)
18.6%
''Like seeing the basement torture scene in Pulp Fiction expanded to film length.'' (San Diego Union-Tribune)8MM (1999)
17%
''Rotten, risible, rubbish. One of the year's worst films.'' (Bangor Daily News)The Wicker Man (2006)
16.5%
''Cage's ancestors may have come from the Old Country, but he's no more Italian than Franco-American SpaghettiOs.'' (Washington Post)Captain Corelli’s Mandolin (2001)
15.4%
''A schlocky mix of bad special effects and worse Cage hairdos.'' (Entertainment Weekly) Next (2007)
13.6%
''Has Brian De Palma finally lost his mind?'' (Entertainment Weekly)Snake Eyes (1998)
9.4%
Remove Ads.
Support Sporcle.
Get the best of Sporcle when you Go Orange. This ad-free experience offers more features, more stats, and more fun while also helping to support Sporcle. Thank you for becoming a member.

You're not logged in!

Compare scores with friends on all Sporcle quizzes.
OR
Log In

Show Comments

Extras

Top Quizzes Today


Score Distribution

Your Account Isn't Verified!

In order to create a playlist on Sporcle, you need to verify the email address you used during registration. Go to your Sporcle Settings to finish the process.

Report this User

Report this user for behavior that violates our Community Guidelines.

Details: